000 00986nam a22002537a 4500
999 _c15394
_d15394
003 MIRAKIL
005 20240214145810.0
008 240214b tu ||||| |||| 00| 0 tur d
020 _a9789751735881
040 _aTR-AnCHP
_cTR-AnCHP
041 _aTürkçe
082 _a928.9433
_bM33 2011
090 _a928.9433 M33 2011
245 1 0 _aMehmed Akif Ersoy:
_bİstiklal Marşı'nın kabulünün 90. ve Akif'in ölümünün 75. yılı anısına /
_cEd. : Mustafa İsmet Uzun.
250 _a1. bs.
260 _aAnkara:
_bT.C. Kültür ve Turizm Bakanlığı,
_c2011.
300 _a488 s. :
_bres., şek. ;
_c29 cm.
490 0 _a.C. Kültür ve Turizm Bakanlığı Kütüphaneler ve Yayımlar Genel Müdürlüğü:
_v3329
490 0 _aanma ve armağan kitapları dizisi:
_v36.
504 _aBibl. dipnot şeklindedir.
650 0 _97543
_aMehmed Akif Ersoy
856 _zDijital Nüshası için Partimizin Kütüphane Sorumlusu ile iletişime geçiniz.
942 _2ddc
_cBKS